|
|
|
|
| LEADER |
00000nam0a2200000 4500 |
| 001 |
326674 |
| 005 |
20231102003902.0 |
| 035 |
|
|
|a (RuTPU)RU\TPU\book\352334
|
| 090 |
|
|
|a 326674
|
| 100 |
|
|
|a 20170112d1941 m y0rusy50 ca
|
| 101 |
0 |
|
|a rus
|
| 102 |
|
|
|a RU
|
| 105 |
|
|
|a a z 011zy
|
| 200 |
1 |
|
|a Родерик Импей Мурчисон (1792-1871)
|f Н. С. Шатский
|g Московское общество испытателей природы (МОИП)
|
| 210 |
|
|
|a Москва
|c [Б. и.]
|d 1941
|
| 215 |
|
|
|a 68 с.
|c ил.
|
| 225 |
1 |
|
|a Историческая
|h № 16
|
| 300 |
|
|
|a Юбилейное издание к 135-летнему юбилею Московского общества испытателей природы 1805-1940
|
| 320 |
|
|
|a Список печатных работ: с. 54-60
|
| 600 |
|
1 |
|a Мурчисон
|b Р.-И.
|c английский геолог
|c президент Королевского Географического Общества
|f 1792-1871
|g Родерик-Импей
|2 stltpush
|3 (RuTPU)RU\TPU\pers\23636
|9 10317
|
| 606 |
|
|
|a Геологи
|x Персоналии
|2 stltpush
|3 (RuTPU)RU\TPU\subj\67544
|9 83301
|
| 610 |
1 |
|
|a исследователи
|
| 610 |
1 |
|
|a путешествия
|
| 610 |
1 |
|
|a жизнь
|
| 610 |
1 |
|
|a научная деятельность
|
| 610 |
1 |
|
|a Европейская Россия
|
| 610 |
1 |
|
|a Урал
|
| 610 |
1 |
|
|a геологические исследования
|
| 675 |
|
|
|a 55(092)
|v 4
|
| 700 |
|
1 |
|a Шатский
|b Н. С.
|
| 712 |
0 |
2 |
|a Московское общество испытателей природы (МОИП)
|c (1917- )
|2 stltpush
|3 (RuTPU)RU\TPU\col\7762
|
| 801 |
|
1 |
|a RU
|b 63413507
|c 20170112
|
| 801 |
|
2 |
|a RU
|b 63413507
|c 20191217
|g RCR
|
| 942 |
|
|
|c BK
|